000 00708cam a22002413a 4500
001 15075
003 PGUSA
005 20140828083325.0
008 050215s2005||||xxu|||||s|||||000 1 eng d
040 _aPGUSA
_beng
042 _adc
050 4 _aPQ
100 1 _aProust, Marcel,
_d1871-1922
245 1 0 _aSodome et Gomorrhe - Deuxième partie
_h[electronic resource] /
_cMarcel Proust
260 _bProject Gutenberg,
_c2005
506 _aPublic domain in the USA.
516 _aElectronic text
653 _aFrance -- Social life and customs -- Fiction
653 _aAutobiographical fiction
830 0 _aProject Gutenberg
_v15075
856 4 0 _uhttp://www.gutenberg.org/ebooks/15075
942 _cEB
999 _c244330
_d244330